[Event "Oberliga Ost B"]
[Site "?"]
[Date "2022.07.03"]
[Round "7.1"]
[White "Braun, Vitali"]
[Black "Galdunts, Sergey"]
[Result "1/2-1/2"]
[WhiteElo "2354"]
[BlackElo "2416"]
[PlyCount "22"]
[EventDate "2021.10.10"]
[EventType "team-tourn"]
[EventCountry "GER"]
[WhiteTeam "Griesheim SV"]
[BlackTeam "Moerlenbach Birkenau Freibauer"]
[WhiteTeamCountry "GER"]
[BlackTeamCountry "GER"]

1. d4 d5 2. c4 e6 3. Nc3 Nf6 4. cxd5 exd5 5. Bg5 c6 6. e3 h6 7. Bh4 Be7 8. Bd3
O-O 9. Nge2 Re8 10. O-O Nbd7 11. Qc2 Nh5 1/2-1/2

[Event "Oberliga Ost B"]
[Site "?"]
[Date "2022.07.03"]
[Round "7.3"]
[White "Liard, Thibaud"]
[Black "Boehmer, Christian"]
[Result "0-1"]
[WhiteElo "2150"]
[BlackElo "2157"]
[PlyCount "98"]
[EventDate "2021.10.10"]
[EventType "team-tourn"]
[EventCountry "GER"]
[WhiteTeam "Griesheim SV"]
[BlackTeam "Moerlenbach Birkenau Freibauer"]
[WhiteTeamCountry "GER"]
[BlackTeamCountry "GER"]

1. d4 Nf6 2. Nf3 c5 3. d5 e6 4. c4 exd5 5. cxd5 d6 6. Nc3 g6 7. g3 Bg7 8. Bg2
O-O 9. O-O a6 10. a4 Re8 11. Nd2 Nbd7 12. h3 Rb8 13. a5 b5 14. axb6 Nxb6 15.
Ra2 Nfd7 16. Nde4 Qe7 17. Bg5 Qf8 18. Bf4 Ne5 19. Re1 h6 20. g4 f5 21. gxf5
gxf5 22. Ng3 Ng6 23. Nh5 Nc4 24. Qc1 Nxf4 25. Qxf4 Rb4 26. Qc1 Be5 27. Bf3 Kh7
28. Kh1 Qe7 29. Rg1 Qh4 30. Qf1 Nxb2 31. Qg2 Qg5 32. Qf1 Qe7 33. Qg2 Qf7 34.
Nb1 Rh4 35. Nd2 c4 36. Rxb2 Bxb2 37. Qg3 Rxh5 38. Bxh5 Qxh5 39. Nxc4 f4 40.
Qxf4 Qxh3+ 41. Qh2 Qxh2+ 42. Kxh2 Rxe2 43. Kg3 Rc2 44. Nxb2 Rxb2 45. Rc1 Bb7
46. f4 Kg6 47. Rc7 Bxd5 48. Rd7 Rb6 49. Ra7 Bb7 0-1

[Event "Oberliga Ost B"]
[Site "?"]
[Date "2022.07.03"]
[Round "7.6"]
[White "Schaefer, Michael"]
[Black "Hahn, Werner"]
[Result "0-1"]
[WhiteElo "2113"]
[BlackElo "2172"]
[PlyCount "124"]
[EventDate "2021.10.10"]
[EventType "team-tourn"]
[EventCountry "GER"]
[WhiteTeam "Moerlenbach Birkenau Freibauer"]
[BlackTeam "Griesheim SV"]
[WhiteTeamCountry "GER"]
[BlackTeamCountry "GER"]

1. c4 g6 2. Nc3 Bg7 3. g3 e5 4. Bg2 d6 5. Nf3 Nc6 6. Rb1 f5 7. O-O Nf6 8. b4
O-O 9. b5 Ne7 10. Qb3 h6 11. c5+ Kh7 12. cxd6 cxd6 13. d3 g5 14. Ba3 Ng6 15.
Rbc1 g4 16. Nd2 h5 17. Nc4 Ne8 18. b6 axb6 19. Nd5 Be6 20. Rc2 Ra6 21. Qb4 Rf7
22. Ncxb6 h4 23. Rfc1 hxg3 24. hxg3 Ne7 25. Nc7 Nxc7 26. Rxc7 Nc6 27. R1xc6
bxc6 28. Rxf7 Bxf7 29. Nc4 c5 30. Qc3 Bxc4 31. dxc4 Qa5 32. Qc2 Qe1+ 33. Bf1 e4
34. Bc1 Qc3 35. Qb1 Ra7 36. Bf4 Qb2 37. Qxb2 Bxb2 38. Bxd6 Ba3 39. f3 Kg6 40.
Bg2 exf3 41. exf3 Rd7 42. Bf4 Rd1+ 43. Kf2 Ra1 44. fxg4 fxg4 45. Be4+ Kf6 46.
Bc6 Rxa2+ 47. Kf1 Rc2 48. Bd5 Bb2 49. Bd6 Bd4 50. Bg8 Be5 51. Bxc5 Bxg3 52. Bd5
Be5 53. Be3 g3 54. Bb6 Kf5 55. Kg1 Kf4 56. Ba7 Rd2 57. Kf1 Kg4 58. Be6+ Kh4 59.
Be3 Rb2 60. Kg1 Re2 61. Bc5 g2 62. Bf2+ Bg3 0-1

[Event "Oberliga Ost B"]
[Site "?"]
[Date "2022.07.03"]
[Round "7.7"]
[White "Spitzl, Philipp"]
[Black "Wrede, Michael"]
[Result "1/2-1/2"]
[WhiteElo "2028"]
[BlackElo "2188"]
[PlyCount "23"]
[EventDate "2021.10.10"]
[EventType "team-tourn"]
[EventCountry "GER"]
[WhiteTeam "Griesheim SV"]
[BlackTeam "Moerlenbach Birkenau Freibauer"]
[WhiteTeamCountry "GER"]
[BlackTeamCountry "GER"]

1. c4 e6 2. g3 f5 3. Bg2 Nf6 4. Nc3 Bb4 5. e3 O-O 6. Nge2 c6 7. O-O d5 8. d3
Qe7 9. a3 Ba5 10. e4 Bc7 11. Qb3 Nbd7 12. cxd5 1/2-1/2

[Event "Oberliga Ost B"]
[Site "?"]
[Date "2022.07.03"]
[Round "7.8"]
[White "Aranifar, Babak"]
[Black "Hoeck, Raimund"]
[Result "1-0"]
[WhiteElo "1872"]
[BlackElo "2017"]
[PlyCount "67"]
[EventDate "2021.10.10"]
[EventType "team-tourn"]
[EventCountry "GER"]
[WhiteTeam "Moerlenbach Birkenau Freibauer"]
[BlackTeam "Griesheim SV"]
[WhiteTeamCountry "GER"]
[BlackTeamCountry "GER"]

1. e4 c5 2. Nf3 d6 3. Bb5+ Bd7 4. a4 Nf6 5. d3 e6 6. Bf4 Nc6 7. Nbd2 Be7 8. O-O
O-O 9. h3 a6 10. Bc4 Na5 11. Bh2 b5 12. Ba2 Ne8 13. Qe2 Bc6 14. e5 d5 15. axb5
axb5 16. Bb1 g6 17. c3 Ng7 18. d4 c4 19. Bf4 b4 20. Nh2 bxc3 21. bxc3 h5 22.
Bh6 Bg5 23. Bxg7 Kxg7 24. f4 Be7 25. g4 hxg4 26. hxg4 Bd7 27. f5 exf5 28. gxf5
Bg5 29. f6+ Kh7 30. Qh5+ Bh6 31. Rf4 Rh8 32. Qxh6+ Kxh6 33. Rh4+ Kg5 34. Ndf3#
1-0

[Event "Oberliga Ost B"]
[Site "?"]
[Date "2022.07.03"]
[Round "7.1"]
[White "Siebarth, Raiko"]
[Black "Rolle, Eric"]
[Result "1/2-1/2"]
[WhiteElo "2353"]
[BlackElo "2119"]
[PlyCount "43"]
[EventDate "2021.10.10"]
[EventType "team-tourn"]
[EventCountry "GER"]
[WhiteTeam "Stadtilm SG BW"]
[BlackTeam "Marburg SK"]
[WhiteTeamCountry "GER"]
[BlackTeamCountry "GER"]

1. e4 d5 2. exd5 Qxd5 3. Nc3 Qd6 4. g3 Nf6 5. Bg2 c6 6. d4 Bf5 7. Nge2 e6 8.
O-O Nbd7 9. Bf4 Qb4 10. Rb1 Be7 11. a3 Qa5 12. b4 Qxa3 13. Rb3 Qa6 14. b5 Qa5
15. bxc6 bxc6 16. Bxc6 Rc8 17. Bb7 Rc4 18. Qa1 Qxa1 19. Rxa1 Bxc2 20. Rb2 Bf5
21. d5 Bc5 22. dxe6 1/2-1/2

[Event "Oberliga Ost B"]
[Site "?"]
[Date "2022.07.03"]
[Round "7.2"]
[White "Alber, Horst"]
[Black "Schneider, Christian"]
[Result "1/2-1/2"]
[WhiteElo "2248"]
[BlackElo "2211"]
[PlyCount "66"]
[EventDate "2021.10.10"]
[EventType "team-tourn"]
[EventCountry "GER"]
[WhiteTeam "Marburg SK"]
[BlackTeam "Stadtilm SG BW"]
[WhiteTeamCountry "GER"]
[BlackTeamCountry "GER"]

1. d4 Nf6 2. c4 e6 3. g3 d5 4. Bg2 Be7 5. Nc3 O-O 6. Nf3 dxc4 7. O-O Nbd7 8. e4
c6 9. a4 Bb4 10. Qe2 Qa5 11. Bd2 e5 12. dxe5 Nxe5 13. Nxe5 Qxe5 14. Qxc4 a5 15.
Rfe1 Re8 16. Bf4 Qh5 17. f3 Be6 18. Qe2 Rad8 19. g4 Qc5+ 20. Be3 Qc4 21. Bf1
Qxe2 22. Bxe2 Nd7 23. Kg2 Nc5 24. Red1 Bb3 25. Rxd8 Rxd8 26. Na2 Nxa4 27. Nxb4
axb4 28. Bc4 Bxc4 29. Rxa4 b5 30. Ra6 Rc8 31. Bc5 b3 32. Kf2 h6 33. Ke3 Kh7
1/2-1/2

[Event "Oberliga Ost B"]
[Site "?"]
[Date "2022.07.03"]
[Round "7.3"]
[White "Dittrich, Tom"]
[Black "Dorst, Johannes"]
[Result "0-1"]
[WhiteElo "1953"]
[BlackElo "2246"]
[PlyCount "166"]
[EventDate "2021.10.10"]
[EventType "team-tourn"]
[EventCountry "GER"]
[WhiteTeam "Stadtilm SG BW"]
[BlackTeam "Marburg SK"]
[WhiteTeamCountry "GER"]
[BlackTeamCountry "GER"]

1. e4 c5 2. Nf3 Nc6 3. d4 cxd4 4. Nxd4 Nf6 5. Nc3 e5 6. Ndb5 d6 7. Bg5 a6 8.
Na3 b5 9. Nd5 Be7 10. Bxf6 Bxf6 11. c4 b4 12. Nc2 O-O 13. Be2 Bg5 14. O-O a5
15. Bg4 Bb7 16. Qd3 g6 17. a3 bxa3 18. Rxa3 Ne7 19. Nce3 Nxd5 20. Nxd5 Bxd5 21.
Qxd5 Qb6 22. Rb1 Qb4 23. Bd7 Ra7 24. Bc6 Rc8 25. Bb5 Bd8 26. Rd3 Bc7 27. Bd7
Rd8 28. Qb5 Bb6 29. Rb3 Bxf2+ 30. Kh1 Qd2 31. Bc6 Qc2 32. Rf1 Qe2 33. Rb1 Kg7
34. Rf3 Rc8 35. Bd5 Rd8 36. Bc6 h5 37. Qd5 h4 38. b3 Be1 39. Qd1 Qxd1 40. Rxd1
Bb4 41. Rdf1 Bd2 42. Rd1 Bg5 43. Rfd3 Rb8 44. Ra1 f5 45. Kg1 Rb6 46. Bd5 Rb4
47. Bc6 Rb6 48. Bd5 Kf6 49. Rf3 Bd2 50. Rd3 Bb4 51. Kf1 Bc5 52. Ra4 Raa6 53.
Rf3 Rb4 54. Ra1 a4 55. bxa4 Raxa4 56. Rxa4 Rxa4 57. g4 Ra1+ 58. Ke2 Ra2+ 59.
Kf1 Rxh2 60. exf5 g5 61. Rb3 Rf2+ 62. Ke1 e4 63. Bxe4 Rf4 64. Bf3 Rxc4 65. Rb7
Rc3 66. Bd5 Ke5 67. Bc6 Bf2+ 68. Kxf2 Rxc6 69. Re7+ Kf4 70. f6 d5 71. f7 Rf6
72. Rd7 Kxg4+ 73. Kg2 Kh5 74. Rxd5 Rxf7 75. Kh3 Rf3+ 76. Kg2 Ra3 77. Rd4 Ra5
78. Rb4 Rf5 79. Rb8 Kg4 80. Rb4+ Rf4 81. Rb3 Ra4 82. Rb2 h3+ 83. Kh2 Kh4 0-1

[Event "Oberliga Ost B"]
[Site "?"]
[Date "2022.07.03"]
[Round "7.4"]
[White "Henrich, Thomas"]
[Black "Siebarth, Marco"]
[Result "1-0"]
[WhiteElo "2116"]
[BlackElo "2090"]
[PlyCount "113"]
[EventDate "2021.10.10"]
[EventType "team-tourn"]
[EventCountry "GER"]
[WhiteTeam "Marburg SK"]
[BlackTeam "Stadtilm SG BW"]
[WhiteTeamCountry "GER"]
[BlackTeamCountry "GER"]

1. e4 c5 2. Nf3 Nc6 3. d4 cxd4 4. Nxd4 Nf6 5. Nc3 e5 6. Ndb5 d6 7. Bg5 a6 8.
Na3 b5 9. Nd5 Qa5+ 10. Bd2 Qd8 11. c4 b4 12. Nc2 a5 13. Bd3 Nxd5 14. cxd5 Nb8
15. O-O Be7 16. a3 bxa3 17. Rxa3 Nd7 18. b4 a4 19. Ne3 Nb6 20. Bb5+ Bd7 21. Qe2
O-O 22. Rc1 Rc8 23. Bc6 Bxc6 24. dxc6 d5 25. exd5 Nxd5 26. Qc4 Nb6 27. Qc2 Rxc6
28. Qxc6 Qxd2 29. Raa1 Rb8 30. b5 g6 31. Rd1 Qa5 32. Qc7 Re8 33. Rd7 Rc8 34.
Qa7 Qc3 35. Rdd1 Qc7 36. Qxc7 Rxc7 37. Nd5 Nxd5 38. Rxd5 a3 39. Kf1 f6 40. Ke2
Kf7 41. Rd3 Rb7 42. Rb3 Ke6 43. Rc1 e4 44. b6 Bd6 45. Rb5 Be5 46. Ra5 Bb2 47.
Rc6+ Kd7 48. Rc4 f5 49. Ra7 Rxa7 50. bxa7 a2 51. a8=Q a1=Q 52. Qd5+ Ke7 53.
Rc7+ Kf6 54. Qd8+ Ke5 55. Qe7+ Kf4 56. Qd6+ Kg5 57. h4+ 1-0

[Event "Oberliga Ost B"]
[Site "?"]
[Date "2022.07.03"]
[Round "7.5"]
[White "Mehlhorn, Uwe"]
[Black "Duncker, Joachim"]
[Result "1/2-1/2"]
[WhiteElo "2043"]
[BlackElo "2199"]
[PlyCount "34"]
[EventDate "2021.10.10"]
[EventType "team-tourn"]
[EventCountry "GER"]
[WhiteTeam "Stadtilm SG BW"]
[BlackTeam "Marburg SK"]
[WhiteTeamCountry "GER"]
[BlackTeamCountry "GER"]

1. c4 e5 2. g3 Nc6 3. Bg2 f5 4. Nc3 Nf6 5. d3 Bc5 6. e3 O-O 7. Nge2 d6 8. O-O
a5 9. a3 Ba7 10. Rb1 Be6 11. Nd5 Qd7 12. Nec3 Nd8 13. b4 axb4 14. axb4 c6 15.
Nxf6+ gxf6 16. b5 Bb8 17. Re1 Bc7 1/2-1/2

[Event "Oberliga Ost B"]
[Site "?"]
[Date "2022.07.03"]
[Round "7.6"]
[White "Neidhardt, Helge"]
[Black "Neubauer, Andreas"]
[Result "0-1"]
[WhiteElo "1985"]
[BlackElo "2165"]
[PlyCount "82"]
[EventDate "2021.10.10"]
[EventType "team-tourn"]
[EventCountry "GER"]
[WhiteTeam "Marburg SK"]
[BlackTeam "Stadtilm SG BW"]
[WhiteTeamCountry "GER"]
[BlackTeamCountry "GER"]

1. d4 Nf6 2. Nf3 g6 3. c4 Bg7 4. Nc3 O-O 5. e4 d6 6. Be2 e5 7. Be3 Ng4 8. Bg5
f6 9. Bh4 Nc6 10. d5 Ne7 11. Nd2 Nh6 12. Qb3 g5 13. Bg3 f5 14. f3 g4 15. O-O-O
Ng6 16. fxg4 fxg4 17. Kb1 Nf4 18. Bxf4 exf4 19. h3 g3 20. Rhf1 Bd7 21. Nf3 Qe8
22. Bd3 Nf7 23. Ne2 Ba4 24. Qa3 Bxd1 25. Rxd1 Ne5 26. Nxe5 Bxe5 27. Ng1 a6 28.
Nf3 Qe7 29. Qb3 Rfb8 30. Rd2 Kh8 31. Qd1 b5 32. cxb5 axb5 33. Bc2 b4 34. Bb3
Bf6 35. Qc2 Ra5 36. Re2 Rc5 37. Qd3 c6 38. dxc6 Rxc6 39. Re1 Rc5 40. Qd2 Be5
41. Bd5 Bc3 0-1

[Event "Oberliga Ost B"]
[Site "?"]
[Date "2022.07.03"]
[Round "7.7"]
[White "Schmidt, Daniel"]
[Black "Nekhamkis, Genadi"]
[Result "1-0"]
[WhiteElo "1867"]
[BlackElo "2085"]
[PlyCount "117"]
[EventDate "2021.10.10"]
[EventType "team-tourn"]
[EventCountry "GER"]
[WhiteTeam "Stadtilm SG BW"]
[BlackTeam "Marburg SK"]
[WhiteTeamCountry "GER"]
[BlackTeamCountry "GER"]

1. d4 f5 2. Bf4 Nf6 3. e3 g6 4. h4 h6 5. Qf3 d6 6. Bc4 e6 7. Nc3 Nc6 8. O-O-O
Ne7 9. Bb3 Bg7 10. Nh3 c6 11. e4 fxe4 12. Nxe4 Nf5 13. Bg3 O-O 14. Nf4 Nxe4 15.
Nxe6 Bxe6 16. Bxe6+ Kh7 17. Qxe4 d5 18. Qd3 Nxd4 19. Bg4 Qf6 20. c3 Nf5 21.
Bxf5 Qxf5 22. h5 Qxd3 23. Rxd3 Rae8 24. hxg6+ Kxg6 25. Kd1 Re6 26. Re1 Rfe8 27.
Rxe6+ Rxe6 28. Bb8 a6 29. Ba7 Kf7 30. Re3 Rxe3 31. Bxe3 Ke6 32. Ke2 h5 33. Kd3
Bf8 34. c4 dxc4+ 35. Kxc4 b5+ 36. Kd3 c5 37. b3 Kd5 38. Bg5 c4+ 39. bxc4+ bxc4+
40. Kc2 Bg7 41. f3 Bd4 42. g4 hxg4 43. fxg4 Ke6 44. Bd2 Kf7 45. Bc3 Be3 46. Kd1
Kg6 47. Ke2 Bb6 48. Kf3 a5 49. Ke4 Kg5 50. Kd5 Kxg4 51. Kxc4 Kf5 52. Kb5 Be3
53. Bxa5 Ke6 54. Kc6 Ke7 55. a4 Ke8 56. Bb4 Kd8 57. Kb7 Bb6 58. Kxb6 Kc8 59.
Bd6 1-0

[Event "Oberliga Ost B"]
[Site "?"]
[Date "2022.07.03"]
[Round "7.8"]
[White "Schneider, Wolfram"]
[Black "Cress, Bastian"]
[Result "1/2-1/2"]
[WhiteElo "2005"]
[BlackElo "1605"]
[PlyCount "95"]
[EventDate "2021.10.10"]
[EventType "team-tourn"]
[EventCountry "GER"]
[WhiteTeam "Marburg SK"]
[BlackTeam "Stadtilm SG BW"]
[WhiteTeamCountry "GER"]
[BlackTeamCountry "GER"]

1. d4 Nf6 2. Nf3 g6 3. c4 Bg7 4. Nc3 d6 5. g3 O-O 6. Bg2 Nc6 7. O-O e5 8. d5
Nb8 9. Bd2 a5 10. Qc1 Nbd7 11. Bg5 Nc5 12. Ne1 Bd7 13. Nd3 Nxd3 14. exd3 Qb8
15. Ne4 Nh5 16. Bh6 f5 17. Bxg7 Nxg7 18. Nd2 Qa7 19. Qc3 f4 20. Rac1 Nf5 21.
Ne4 Nd4 22. Rfe1 Bg4 23. Qd2 fxg3 24. hxg3 Bf3 25. Qh6 Bxe4 26. Rxe4 Rxf2 27.
c5 Raf8 28. Rh4 R2f7 29. Be4 Rg7 30. Kg2 Nf5 31. Bxf5 Rxf5 32. cxd6 Qf2+ 33.
Kh3 cxd6 34. Rc8+ Rf8 35. Rhc4 Qf5+ 36. g4 Qxd3+ 37. Kh2 Qe2+ 38. Kg3 Qf3+ 39.
Kh2 b5 40. Rc3 Qf2+ 41. Kh3 Qf1+ 42. Kh2 Qf4+ 43. Qxf4 exf4 44. Rxf8+ Kxf8 45.
Rc8+ Kf7 46. Rc7+ Kf8 47. Rc8+ Kf7 48. Rc7+ 1/2-1/2

[Event "Oberliga Ost B"]
[Site "?"]
[Date "2022.03.05"]
[Round "8.1"]
[White "Teske, Henrik"]
[Black "Humburg, Philipp"]
[Result "1-0"]
[WhiteElo "2460"]
[BlackElo "2280"]
[PlyCount "61"]
[EventDate "2021.10.10"]
[EventType "team-tourn"]
[EventCountry "GER"]
[WhiteTeam "Erfurt SV Empor"]
[BlackTeam "Marburg SK"]
[WhiteTeamCountry "GER"]
[BlackTeamCountry "GER"]

1. c4 e6 2. Nf3 d5 3. g3 Nf6 4. Bg2 Be7 5. d4 O-O 6. Qc2 Nbd7 7. O-O c6 8. Bf4
Nh5 9. Bd2 Nhf6 10. Rc1 Ne4 11. Be1 a5 12. Nc3 f5 13. e3 b6 14. cxd5 cxd5 15.
Nb5 Bb7 16. Qa4 Rc8 17. Na7 Rxc1 18. Rxc1 Nb8 19. Ne5 Bd6 20. b4 axb4 21. Bxb4
Na6 22. Bxd6 Qxd6 23. Bf1 Nc7 24. Qd7 Ne8 25. Qxb7 Qa3 26. Qxb6 N8d6 27. Nd3
Qxa2 28. Nc8 f4 29. Nxd6 fxg3 30. hxg3 Nxf2 31. Rc8 1-0

[Event "Oberliga Ost B"]
[Site "?"]
[Date "2022.03.05"]
[Round "8.2"]
[White "Rolle, Eric"]
[Black "Langheinrich, Ferenc"]
[Result "0-1"]
[WhiteElo "2146"]
[BlackElo "2351"]
[PlyCount "78"]
[EventDate "2021.10.10"]
[EventType "team-tourn"]
[EventCountry "GER"]
[WhiteTeam "Marburg SK"]
[BlackTeam "Erfurt SV Empor"]
[WhiteTeamCountry "GER"]
[BlackTeamCountry "GER"]

1. c4 Nf6 2. Nc3 g6 3. e4 d6 4. d4 Bg7 5. Be2 O-O 6. Nf3 e5 7. d5 a5 8. O-O Na6
9. Bg5 h6 10. Bh4 g5 11. Bg3 Nh5 12. Nd2 Nf4 13. a3 Nc5 14. b3 f5 15. f3 h5 16.
b4 axb4 17. axb4 Rxa1 18. Qxa1 Nxe2+ 19. Nxe2 Nd3 20. c5 Nxb4 21. Qc3 Na6 22.
cxd6 cxd6 23. Bf2 g4 24. fxg4 fxg4 25. Rb1 h4 26. Nc4 b5 27. Rxb5 Qf6 28. Qe1
g3 29. hxg3 h3 30. Be3 Qg6 31. Nd2 Nc7 32. Rb4 hxg2 33. Kxg2 Qg4 34. Rc4 Qh3+
35. Kg1 Ne8 36. Bf2 Nf6 37. Nf1 Ng4 38. Rxc8 Rxc8 39. Nc3 Nh2 0-1

[Event "Oberliga Ost B"]
[Site "?"]
[Date "2022.03.05"]
[Round "8.3"]
[White "Urban, Lars"]
[Black "Alber, Horst"]
[Result "1-0"]
[WhiteElo "2183"]
[BlackElo "2268"]
[PlyCount "85"]
[EventDate "2021.10.10"]
[EventType "team-tourn"]
[EventCountry "GER"]
[WhiteTeam "Erfurt SV Empor"]
[BlackTeam "Marburg SK"]
[WhiteTeamCountry "GER"]
[BlackTeamCountry "GER"]

1. d4 Nf6 2. c4 g6 3. Nc3 Bg7 4. e4 d6 5. f3 O-O 6. Nge2 Nc6 7. Be3 a6 8. Qd2
Rb8 9. Rc1 Bd7 10. Nd1 b5 11. c5 e5 12. d5 Ne7 13. c6 Bc8 14. h4 h5 15. Nf2 Nh7
16. g3 f5 17. Bg2 b4 18. Ng1 a5 19. Ngh3 Rf7 20. O-O Qf8 21. f4 Ba6 22. Rfe1
Bc8 23. fxe5 Bxe5 24. Bh6 Qd8 25. Bf4 fxe4 26. Bxe5 dxe5 27. d6 Qxd6 28. Qxd6
cxd6 29. Nxe4 Nf5 30. Rcd1 Re7 31. Nxd6 Nxg3 32. Rd5 e4 33. Kh2 Nf5 34. Rxe4
Rxe4 35. Bxe4 Be6 36. c7 Rf8 37. Bxf5 gxf5 38. Rxa5 Nf6 39. Nf4 Bd7 40. Ng6
Ng4+ 41. Kg1 Rf6 42. Ra8+ Kg7 43. Ne8+ 1-0

[Event "Oberliga Ost B"]
[Site "?"]
[Date "2022.03.05"]
[Round "8.4"]
[White "Dorst, Johannes"]
[Black "Michalowski, Peter"]
[Result "1/2-1/2"]
[WhiteElo "2235"]
[BlackElo "2107"]
[PlyCount "82"]
[EventDate "2021.10.10"]
[EventType "team-tourn"]
[EventCountry "GER"]
[WhiteTeam "Marburg SK"]
[BlackTeam "Erfurt SV Empor"]
[WhiteTeamCountry "GER"]
[BlackTeamCountry "GER"]

1. e4 c5 2. Nc3 a6 3. g4 b5 4. Bg2 Bb7 5. d3 Nc6 6. f4 e6 7. Nf3 Be7 8. Qe2 Nd4
9. Qf2 Nxf3+ 10. Qxf3 Bh4+ 11. Kf1 Be7 12. Be3 d6 13. g5 Qc7 14. Qg4 b4 15. Ne2
Bd8 16. Ng3 Ne7 17. Nh5 O-O 18. Rg1 Kh8 19. Bf3 Ng6 20. Rg3 f6 21. gxf6 Bxf6
22. Rh3 Qf7 23. Nxf6 Qxf6 24. Rg3 Rf7 25. Rb1 Re8 26. Kg1 Nxf4 27. Rf1 e5 28.
Bg2 Bc8 29. Qd1 Ref8 30. Rf2 Qh4 31. Bf1 h5 32. c3 bxc3 33. bxc3 Bg4 34. Qd2
Rf6 35. d4 cxd4 36. cxd4 Nh3+ 37. Bxh3 Bxh3 38. Qd3 Rxf2 39. Bxf2 Qf4 40. Qe3
Qxe3 41. Rxe3 Bd7 1/2-1/2

[Event "Oberliga Ost B"]
[Site "?"]
[Date "2022.03.05"]
[Round "8.5"]
[White "Heinke, Jasper"]
[Black "Duncker, Joachim"]
[Result "0-1"]
[WhiteElo "2034"]
[BlackElo "2180"]
[PlyCount "50"]
[EventDate "2021.10.10"]
[EventType "team-tourn"]
[EventCountry "GER"]
[WhiteTeam "Erfurt SV Empor"]
[BlackTeam "Marburg SK"]
[WhiteTeamCountry "GER"]
[BlackTeamCountry "GER"]

1. e4 d5 2. exd5 Nf6 3. d4 Bg4 4. Be2 Bxe2 5. Qxe2 Qxd5 6. Nf3 Qe4 7. Be3 Nc6
8. Nc3 Qf5 9. O-O O-O-O 10. b4 e5 11. dxe5 Nxe5 12. Nxe5 Qxe5 13. Nb5 Bd6 14.
Nxa7+ Kb8 15. g3 Nd5 16. Qb5 Nxb4 17. Qa4 Bc5 18. Bf4 Qf6 19. Nb5 Nd5 20. Bd2
Rhe8 21. Rae1 Rxe1 22. Bxe1 c6 23. Na3 Re8 24. Ba5 Re2 25. Qb3 Rxf2 0-1

[Event "Oberliga Ost B"]
[Site "?"]
[Date "2022.03.05"]
[Round "8.6"]
[White "Neidhardt, Helge"]
[Black "Rempel, Patrick"]
[Result "0-1"]
[WhiteElo "2014"]
[BlackElo "2063"]
[PlyCount "80"]
[EventDate "2021.10.10"]
[EventType "team-tourn"]
[EventCountry "GER"]
[WhiteTeam "Marburg SK"]
[BlackTeam "Erfurt SV Empor"]
[WhiteTeamCountry "GER"]
[BlackTeamCountry "GER"]

1. d4 Nf6 2. Nf3 g6 3. c4 Bg7 4. Nc3 d6 5. e4 O-O 6. Be2 Na6 7. O-O e5 8. d5
Nc5 9. Qc2 a5 10. Ne1 c6 11. Be3 Nfd7 12. Rd1 cxd5 13. cxd5 f5 14. f3 Nf6 15.
b3 f4 16. Bf2 g5 17. Nd3 Nxd3 18. Rxd3 g4 19. Na4 g3 20. hxg3 fxg3 21. Bxg3 Nh5
22. Bh2 b5 23. Nb2 Bh6 24. Rc3 b4 25. Rc6 Be3+ 26. Rf2 Bxf2+ 27. Kxf2 Qh4+ 28.
Kg1 Qe1+ 29. Bf1 Ba6 30. Qf2 Qxf1+ 31. Qxf1 Bxf1 32. Kxf1 Rfc8 33. Nc4 Rxc6 34.
dxc6 Ra6 35. Nxd6 Rxc6 36. Nc4 Nf4 37. Bg1 a4 38. g3 Rxc4 39. gxf4 Rc1+ 40. Kg2
exf4 0-1

[Event "Oberliga Ost B"]
[Site "?"]
[Date "2022.03.05"]
[Round "8.8"]
[White "Hein, Lennart"]
[Black "Reuter, Elisa"]
[Result "1-0"]
[WhiteElo "1892"]
[BlackElo "1853"]
[PlyCount "66"]
[EventDate "2021.10.10"]
[EventType "team-tourn"]
[EventCountry "GER"]
[WhiteTeam "Marburg SK"]
[BlackTeam "Erfurt SV Empor"]
[WhiteTeamCountry "GER"]
[BlackTeamCountry "GER"]

1. d4 Nf6 2. Nf3 g6 3. c4 Bg7 4. Nc3 d5 5. cxd5 Nxd5 6. e4 Nxc3 7. bxc3 c5 8.
Rb1 O-O 9. Be2 Nc6 10. d5 Ne5 11. Nxe5 Bxe5 12. Qd2 Qa5 13. Rb3 Qc7 14. f4 Bg7
15. O-O Bd7 16. c4 a6 17. e5 Rab8 18. Ba3 Rfc8 19. Rfb1 b6 20. d6 exd6 21. exd6
Qd8 22. Bb2 Bxb2 23. R1xb2 Be6 24. Qd1 Rc6 25. Rd2 Qd7 26. Bf3 Rcc8 27. Bd5 Rd8
28. Bxe6 Qxe6 29. Rd5 Qe4 30. Qc1 b5 31. d7 Rb7 32. Re3 Qxc4 33. Qxc4 bxc4 1-0

[Event "Oberliga Ost B"]
[Site "?"]
[Date "2022.03.05"]
[Round "8.1"]
[White "Grund, Sebastian"]
[Black "Heinz, Axel"]
[Result "1/2-1/2"]
[WhiteElo "1867"]
[BlackElo "2438"]
[PlyCount "73"]
[EventDate "2021.10.10"]
[EventType "team-tourn"]
[EventCountry "GER"]
[WhiteTeam "Erfurt SV Medizin"]
[BlackTeam "Oberursel SV"]
[WhiteTeamCountry "GER"]
[BlackTeamCountry "GER"]

1. d4 Nf6 2. Nf3 d5 3. c4 e6 4. g3 Be7 5. Bg2 O-O 6. O-O dxc4 7. Qc2 a6 8. a4
Bd7 9. Qxc4 Bc6 10. Bf4 a5 11. Nc3 Na6 12. Rfc1 Bd6 13. Bg5 Be7 14. Bf4 Bxf3
15. Bxf3 c6 16. e4 Nb4 17. Rd1 Qb6 18. d5 cxd5 19. exd5 Nfxd5 20. Nxd5 Nxd5 21.
Bxd5 exd5 22. Rxd5 Qxb2 23. Be5 Qb4 24. Qe2 Bc5 25. Rc1 Rac8 26. Kg2 Be7 27.
Rcd1 Rfe8 28. R1d4 Qb6 29. Qh5 Bf8 30. Rh4 h6 31. Rf4 Qe6 32. Rxa5 Rc4 33. Qf3
Rxf4 34. Bxf4 b6 35. Rb5 Qc4 36. Rxb6 Qxa4 37. Rb7 1/2-1/2

[Event "Oberliga Ost B"]
[Site "?"]
[Date "2022.03.05"]
[Round "8.2"]
[White "Margolin, Boris"]
[Black "Jakob, Matthias"]
[Result "1-0"]
[WhiteElo "2402"]
[BlackElo "2108"]
[PlyCount "79"]
[EventDate "2021.10.10"]
[EventType "team-tourn"]
[EventCountry "GER"]
[WhiteTeam "Oberursel SV"]
[BlackTeam "Erfurt SV Medizin"]
[WhiteTeamCountry "GER"]
[BlackTeamCountry "GER"]

1. e4 Nc6 2. d4 e5 3. d5 Nce7 4. g3 Nf6 5. Bg2 Ng6 6. Be3 Bb4+ 7. c3 Ba5 8. Na3
Bb6 9. Bxb6 axb6 10. d6 c6 11. h4 h5 12. Nh3 b5 13. Nc2 Kf8 14. Qd2 Ne8 15. a3
Kg8 16. Ne3 b6 17. O-O Bb7 18. Nf5 Nf6 19. Rad1 c5 20. Rfe1 Ra4 21. f3 Bc6 22.
Bf1 Nh7 23. Bd3 Nhf8 24. Bc2 Ra8 25. f4 Ne6 26. fxe5 Nxe5 27. Rf1 f6 28. Nf4
Qe8 29. Ne7+ Kf8 30. Nfd5 Qf7 31. Rf5 Nc4 32. Qf2 Nxd6 33. Rf3 Rh6 34. Nxc6
dxc6 35. Nxb6 Rd8 36. e5 Nb7 37. Rxd8+ Nbxd8 38. Qd2 Qc7 39. Nd7+ Ke8 40. Nxf6+
1-0

[Event "Oberliga Ost B"]
[Site "?"]
[Date "2022.03.05"]
[Round "8.3"]
[White "Mueller Ludwig, Kristin"]
[Black "Dubiel, Jacek"]
[Result "1/2-1/2"]
[WhiteElo "2013"]
[BlackElo "2419"]
[PlyCount "56"]
[EventDate "2021.10.10"]
[EventType "team-tourn"]
[EventCountry "GER"]
[WhiteTeam "Erfurt SV Medizin"]
[BlackTeam "Oberursel SV"]
[WhiteTeamCountry "GER"]
[BlackTeamCountry "GER"]

1. e4 c5 2. Nf3 e6 3. d4 cxd4 4. Nxd4 Nf6 5. Nc3 Nc6 6. Ndb5 d6 7. Bf4 e5 8.
Bg5 a6 9. Na3 b5 10. Nd5 Be7 11. Bxf6 Bxf6 12. c3 Ne7 13. Nc2 Nxd5 14. Qxd5 Rb8
15. Ne3 O-O 16. Qd3 Bg5 17. Nd5 f5 18. g3 fxe4 19. Qxe4 Bf5 20. Qe2 Qe8 21. Bg2
Qg6 22. h4 Bd8 23. Qe3 Kh8 24. O-O Be6 25. Rad1 Rc8 26. Rd2 Rc5 27. Qe4 Qf7 28.
Ne3 Bc7 1/2-1/2